000 00260 a2200109 4500
001 66269
040 _cAnchieta - Pituba
240 1 0 _aReleitura dramática 2001
_l
245 1 0 _aReleitura dramática 2001
650 4 _aLínguas espanhola e portuguesa
942 _cMX
999 _c66269
_d66269